000 00504nam a22001697a 4500
003 NUST
005 20220816174329.0
008 220816b ||||| |||| 00| 0 eng d
020 _a9781631951244
038 _aAzhar
082 _a658.4092
_bWYA
100 _aWyatt, Andrew
_997512
245 _aPro leadership : establishing your credibility, building your following, and leading with impact
_cAndrew Wyatt,
260 _aNew York
_bMorgan James Publishing
_c2021
300 _a267p
942 _2ddc
_cLC
999 _c591080
_d591080